Probability, random variables, and random signal principles

Shranjeno v:
Bibliografske podrobnosti
Glavni avtor: Peebles, Peyton Z.
Format: Knjiga
Jezik:English
Izdano: New York, New York : McGraw-Hill c1993.
Izdaja:3
Serija:McGraw-Hill series in electrical and computer engineering
Teme:
Oznake: Označite
Brez oznak, prvi označite!

MARC

LEADER 00000nam a2200000Ia 4500
003 000106
005 20221231144019.0
008 140114s1993 nyua 000 ||eng d
040 |c cru CEDI 
082 |a 519.2 P373p3 
100 |a Peebles, Peyton Z.  |9 20715 
245 |a Probability, random variables, and random signal principles 
250 |a 3 
260 |a New York, New York : McGraw-Hill  |c c1993. 
300 |a  401 páginas 
440 |a  McGraw-Hill series in electrical and computer engineering  |9 20716 
650 |x PROBABILIDADES   |x VARIABLES RANDOM   |x TEORIA DE LAS SEÑALES (TELECOMUNICACIONES)  |9 20717 
942 |2 ddc  |c BK 
999 |c 15624  |d 15624